000 00447nam a2200193Ia 4500
003 0100
008 130303s9999 xx 000 0 und d
040 _cARRUPELIB
050 _aHV8675.T44 1987
100 _aTen, C.L
245 _aCrime, guilt, and punishment
245 _bA philosophical introduction
260 _aOxford
260 _bClarendon Pr.
260 _C1987
300 _a175p
650 _bProfessional Ethics
942 0 0 _01
999 _c22200
_d22200